| 000 -LEADER |
| fixed length control field |
00661cam a2200217 a 4500 |
| 020 ## - INTERNATIONAL STANDARD BOOK NUMBER |
| ISBN |
9781433109638 (hardcover : alk. paper) |
| 020 ## - INTERNATIONAL STANDARD BOOK NUMBER |
| ISBN |
1433109638 (hardcover : alk. paper) |
| 020 ## - INTERNATIONAL STANDARD BOOK NUMBER |
| ISBN |
9781433109621 (pbk. : alk. paper) |
| 020 ## - INTERNATIONAL STANDARD BOOK NUMBER |
| ISBN |
143310962X (pbk. : alk. paper) |
| 040 ## - CATALOGING SOURCE |
| Transcribing agency |
DLC |
| 082 00 - DEWEY DECIMAL CLASSIFICATION NUMBER |
| Classification number |
394 PET 2011 C160 Or. |
| 245 00 - TITLE STATEMENT |
| Title |
Food as communication : |
| Remainder of title |
communication as food / |
| 260 ## - PUBLICATION, DISTRIBUTION, ETC. (IMPRINT) |
| Place of publication |
New York : |
| Name of publisher |
Peter Lang, |
| Year of publication |
c2011. |
| 300 ## - PHYSICAL DESCRIPTION |
| Number of Pages |
xix, 465 p. : |
| Dimensions |
23 cm. |
| 650 #0 - SUBJECT ADDED ENTRY--TOPICAL TERM |
| Topical Term |
Food habits. |
| 650 #0 - SUBJECT ADDED ENTRY--TOPICAL TERM |
| Topical Term |
Communication and culture. |
| 700 1# - ADDED ENTRY--PERSONAL NAME |
| Personal name |
Cramer, Janet M. |
| 700 1# - ADDED ENTRY--PERSONAL NAME |
| Personal name |
Greene, Carlnita P. |
| 700 1# - ADDED ENTRY--PERSONAL NAME |
| Personal name |
Walters, Lynn |
| 942 ## - ADDED ENTRY ELEMENTS (KOHA) |
| Koha item type |
ADB |
| 952 ## - LOCATION AND ITEM INFORMATION (KOHA) |
| Withdrawn status [LOCAL, KOHA] |
0 |